<?xml version="1.0" encoding="UTF-8"?>
<collection xmlns="http://www.loc.gov/MARC21/slim">
 <record>
  <leader>03520cam a2200709 ca4500</leader>
  <controlfield tag="001">1436865573</controlfield>
  <controlfield tag="003">DE-627</controlfield>
  <controlfield tag="005">20260217154659.0</controlfield>
  <controlfield tag="007">tu</controlfield>
  <controlfield tag="008">120619m20139999gw |||||      00| ||ger c</controlfield>
  <datafield tag="015" ind1=" " ind2=" ">
   <subfield code="a">12,N21</subfield>
   <subfield code="2">dnb</subfield>
  </datafield>
  <datafield tag="016" ind1="7" ind2=" ">
   <subfield code="a">1022289101</subfield>
   <subfield code="2">DE-101</subfield>
  </datafield>
  <datafield tag="020" ind1=" " ind2=" ">
   <subfield code="a">9783412209902</subfield>
   <subfield code="q">Pb. : ca. EUR 89.90 (DE), ca. EUR 119.00 (DE), ca. EUR 89.90 (DE) (Subskr.-Pr. bis 31.01.2013), ca. EUR 92.50 (AT), ca. EUR 122.40 (AT), ca. EUR 92.50 (AT) (Subskr.-Pr. bis 31.01.2013)</subfield>
  </datafield>
  <datafield tag="020" ind1=" " ind2=" ">
   <subfield code="a">3412209902</subfield>
  </datafield>
  <datafield tag="024" ind1="3" ind2=" ">
   <subfield code="a">9783412209902</subfield>
  </datafield>
  <datafield tag="035" ind1=" " ind2=" ">
   <subfield code="a">(DE-627)1436865573</subfield>
  </datafield>
  <datafield tag="035" ind1=" " ind2=" ">
   <subfield code="a">(DE-603)310914086</subfield>
  </datafield>
  <datafield tag="035" ind1=" " ind2=" ">
   <subfield code="a">(DE-576)366865579</subfield>
  </datafield>
  <datafield tag="035" ind1=" " ind2=" ">
   <subfield code="a">(DE-599)DNB1022289101</subfield>
  </datafield>
  <datafield tag="040" ind1=" " ind2=" ">
   <subfield code="a">DE-627</subfield>
   <subfield code="b">ger</subfield>
   <subfield code="c">DE-627</subfield>
   <subfield code="e">rakwb</subfield>
  </datafield>
  <datafield tag="041" ind1=" " ind2=" ">
   <subfield code="a">ger</subfield>
  </datafield>
  <datafield tag="044" ind1=" " ind2=" ">
   <subfield code="c">XA-DE-NW</subfield>
  </datafield>
  <datafield tag="082" ind1="0" ind2="4">
   <subfield code="a">770</subfield>
  </datafield>
  <datafield tag="084" ind1=" " ind2=" ">
   <subfield code="a">MEDIEN</subfield>
   <subfield code="q">DE-15</subfield>
   <subfield code="2">fid</subfield>
  </datafield>
  <datafield tag="084" ind1=" " ind2=" ">
   <subfield code="a">AP 42100</subfield>
   <subfield code="2">rvk</subfield>
   <subfield code="0">(DE-625)rvk/7488:658</subfield>
  </datafield>
  <datafield tag="100" ind1="1" ind2=" ">
   <subfield code="a">Bohn, Anna</subfield>
   <subfield code="d">1968-</subfield>
   <subfield code="0">(DE-588)124418007</subfield>
   <subfield code="0">(DE-627)363333207</subfield>
   <subfield code="0">(DE-576)294162488</subfield>
   <subfield code="4">aut</subfield>
  </datafield>
  <datafield tag="245" ind1="1" ind2="0">
   <subfield code="a">Denkmal Film</subfield>
   <subfield code="c">Anna Bohn</subfield>
  </datafield>
  <datafield tag="263" ind1=" " ind2=" ">
   <subfield code="a">Erscheint: Oktober 2012</subfield>
  </datafield>
  <datafield tag="264" ind1=" " ind2="1">
   <subfield code="a">Wien</subfield>
   <subfield code="a">Köln</subfield>
   <subfield code="a">Weimar</subfield>
   <subfield code="b">Böhlau</subfield>
   <subfield code="c">2013-</subfield>
  </datafield>
  <datafield tag="300" ind1=" " ind2=" ">
   <subfield code="c">240 mm x 170 mm</subfield>
  </datafield>
  <datafield tag="336" ind1=" " ind2=" ">
   <subfield code="a">Text</subfield>
   <subfield code="b">txt</subfield>
   <subfield code="2">rdacontent</subfield>
  </datafield>
  <datafield tag="337" ind1=" " ind2=" ">
   <subfield code="a">ohne Hilfsmittel zu benutzen</subfield>
   <subfield code="b">n</subfield>
   <subfield code="2">rdamedia</subfield>
  </datafield>
  <datafield tag="338" ind1=" " ind2=" ">
   <subfield code="a">Band</subfield>
   <subfield code="b">nc</subfield>
   <subfield code="2">rdacarrier</subfield>
  </datafield>
  <datafield tag="650" ind1="0" ind2="7">
   <subfield code="0">(DE-588)4017102-4</subfield>
   <subfield code="0">(DE-627)104559683</subfield>
   <subfield code="0">(DE-576)208918531</subfield>
   <subfield code="a">Film</subfield>
   <subfield code="2">gnd</subfield>
  </datafield>
  <datafield tag="650" ind1="0" ind2="7">
   <subfield code="0">(DE-588)4165975-2</subfield>
   <subfield code="0">(DE-627)104297069</subfield>
   <subfield code="0">(DE-576)209899085</subfield>
   <subfield code="a">Kulturgüterschutz</subfield>
   <subfield code="2">gnd</subfield>
  </datafield>
  <datafield tag="650" ind1="0" ind2="7">
   <subfield code="0">(DE-588)4420040-7</subfield>
   <subfield code="0">(DE-627)214187241</subfield>
   <subfield code="0">(DE-576)211393274</subfield>
   <subfield code="a">Archivierung</subfield>
   <subfield code="2">gnd</subfield>
  </datafield>
  <datafield tag="650" ind1="0" ind2="7">
   <subfield code="0">(DE-588)4114279-2</subfield>
   <subfield code="0">(DE-627)10582335X</subfield>
   <subfield code="0">(DE-576)209483318</subfield>
   <subfield code="a">Konservierung</subfield>
   <subfield code="2">gnd</subfield>
  </datafield>
  <datafield tag="650" ind1="0" ind2="7">
   <subfield code="0">(DE-588)4049600-4</subfield>
   <subfield code="0">(DE-627)106186442</subfield>
   <subfield code="0">(DE-576)209082674</subfield>
   <subfield code="a">Restaurierung</subfield>
   <subfield code="2">gnd</subfield>
  </datafield>
  <datafield tag="689" ind1="0" ind2="0">
   <subfield code="d">s</subfield>
   <subfield code="0">(DE-588)4017102-4</subfield>
   <subfield code="0">(DE-627)104559683</subfield>
   <subfield code="0">(DE-576)208918531</subfield>
   <subfield code="a">Film</subfield>
   <subfield code="2">gnd</subfield>
  </datafield>
  <datafield tag="689" ind1="0" ind2="1">
   <subfield code="d">s</subfield>
   <subfield code="0">(DE-588)4015602-3</subfield>
   <subfield code="0">(DE-627)106335987</subfield>
   <subfield code="0">(DE-576)208912614</subfield>
   <subfield code="a">Ethik</subfield>
   <subfield code="2">gnd</subfield>
  </datafield>
  <datafield tag="689" ind1="0" ind2="2">
   <subfield code="d">s</subfield>
   <subfield code="0">(DE-588)4165967-3</subfield>
   <subfield code="0">(DE-627)105436240</subfield>
   <subfield code="0">(DE-576)209899026</subfield>
   <subfield code="a">Kulturdenkmal</subfield>
   <subfield code="2">gnd</subfield>
  </datafield>
  <datafield tag="689" ind1="0" ind2="3">
   <subfield code="d">s</subfield>
   <subfield code="0">(DE-588)4033560-4</subfield>
   <subfield code="0">(DE-627)106256661</subfield>
   <subfield code="0">(DE-576)209002638</subfield>
   <subfield code="a">Kulturerbe</subfield>
   <subfield code="2">gnd</subfield>
  </datafield>
  <datafield tag="689" ind1="0" ind2="4">
   <subfield code="d">s</subfield>
   <subfield code="0">(DE-588)4049600-4</subfield>
   <subfield code="0">(DE-627)106186442</subfield>
   <subfield code="0">(DE-576)209082674</subfield>
   <subfield code="a">Restaurierung</subfield>
   <subfield code="2">gnd</subfield>
  </datafield>
  <datafield tag="689" ind1="0" ind2=" ">
   <subfield code="5">(DE-627)</subfield>
  </datafield>
  <datafield tag="787" ind1="0" ind2="8">
   <subfield code="i">Rezension</subfield>
   <subfield code="a">Meder, Thomas, 1958 - </subfield>
   <subfield code="t">[Rezension von: Anna Bohn; Denkmal Film]</subfield>
   <subfield code="d">Regensburg : Schnell und Steiner, 2014</subfield>
   <subfield code="w">(DE-627)1577377664</subfield>
   <subfield code="w">(DE-576)507377664</subfield>
  </datafield>
  <datafield tag="856" ind1="4" ind2="2">
   <subfield code="u">https://deposit.dnb.de/cgi-bin/dokserv?id=4029185&amp;prov=M&amp;dok_var=1&amp;dok_ext=htm</subfield>
   <subfield code="m">X:MVB</subfield>
   <subfield code="q">text/html</subfield>
   <subfield code="3">Inhaltstext</subfield>
   <subfield code="7">1</subfield>
  </datafield>
  <datafield tag="856" ind1="4" ind2="2">
   <subfield code="u">https://ifb.bsz-bw.de/bsz366865579rez-1.pdf</subfield>
   <subfield code="m">B:DE-576;ifb</subfield>
   <subfield code="q">application/pdf</subfield>
   <subfield code="v">20130602202510</subfield>
   <subfield code="x">Verlag</subfield>
   <subfield code="3">Rezension</subfield>
   <subfield code="7">1</subfield>
  </datafield>
  <datafield tag="856" ind1="4" ind2="2">
   <subfield code="u">https://www.hsozkult.de/publicationreview/id/rezbuecher-22426</subfield>
   <subfield code="m">V:DE-576;X:HSozKult</subfield>
   <subfield code="q">text/html</subfield>
   <subfield code="v">20180420095734</subfield>
   <subfield code="3">Rezension</subfield>
   <subfield code="7">1</subfield>
  </datafield>
  <datafield tag="856" ind1="4" ind2="2">
   <subfield code="u">http://deposit.dnb.de/cgi-bin/dokserv?id=4029185&amp;prov=M&amp;dok_var=1&amp;dok_ext=htm</subfield>
   <subfield code="m">X:MVB</subfield>
   <subfield code="q">text/html</subfield>
   <subfield code="3">Inhaltstext</subfield>
   <subfield code="7">1</subfield>
  </datafield>
  <datafield tag="936" ind1="r" ind2="v">
   <subfield code="a">AP 42100</subfield>
   <subfield code="b">International, Allgemeines</subfield>
   <subfield code="k">Allgemeines</subfield>
   <subfield code="k">Medien- und Kommunikationswissenschaften, Medienkulturwissenschaft, Kommunikationsdesign</subfield>
   <subfield code="k">Film</subfield>
   <subfield code="k">Organisation, Beruf, Forschung</subfield>
   <subfield code="k">Archive, Sammlungen, Bibliotheken</subfield>
   <subfield code="k">International, Allgemeines</subfield>
   <subfield code="0">(DE-627)1270689223</subfield>
   <subfield code="0">(DE-625)rvk/7488:658</subfield>
   <subfield code="0">(DE-576)200689223</subfield>
  </datafield>
  <datafield tag="936" ind1="s" ind2="n">
   <subfield code="a">a200</subfield>
   <subfield code="2">mzub</subfield>
  </datafield>
  <datafield tag="936" ind1="s" ind2="n">
   <subfield code="a">X500</subfield>
   <subfield code="2">mzub</subfield>
  </datafield>
  <datafield tag="936" ind1="s" ind2="n">
   <subfield code="a">a400</subfield>
   <subfield code="2">mzub</subfield>
  </datafield>
  <datafield tag="936" ind1="s" ind2="n">
   <subfield code="a">l300</subfield>
   <subfield code="2">mzub</subfield>
  </datafield>
  <datafield tag="951" ind1=" " ind2=" ">
   <subfield code="a">MC</subfield>
  </datafield>
  <datafield tag="990" ind1=" " ind2=" ">
   <subfield code="a">Film</subfield>
  </datafield>
  <datafield tag="990" ind1=" " ind2=" ">
   <subfield code="a">Ethik</subfield>
  </datafield>
  <datafield tag="990" ind1=" " ind2=" ">
   <subfield code="a">Kulturdenkmal</subfield>
  </datafield>
  <datafield tag="990" ind1=" " ind2=" ">
   <subfield code="a">Kulturerbe</subfield>
  </datafield>
  <datafield tag="990" ind1=" " ind2=" ">
   <subfield code="a">Restaurierung</subfield>
  </datafield>
  <datafield tag="991" ind1=" " ind2=" ">
   <subfield code="a">Rezensiertes Werk</subfield>
  </datafield>
  <datafield tag="999" ind1=" " ind2=" ">
   <subfield code="a">KXP-PPN1436865573</subfield>
   <subfield code="e">4160051073</subfield>
  </datafield>
 </record>
</collection>
